| 000 | 01212cam a2200349 a 4500 | ||
|---|---|---|---|
| 001 | 15487725 | ||
| 005 | 20170105102938.0 | ||
| 008 | 081017s2009 nyuab b 001 0 eng | ||
| 010 | _a 2008044651 | ||
| 020 | _a041577229X (hbk.) | ||
| 020 | _a0415772303 (pbk) | ||
| 020 | _a0203879155 (ebk.) | ||
| 020 | _a9780415772297 (hbk.) | ||
| 020 | _a9780415772303 (pbk.) | ||
| 020 | _a9780203879153 (ebk.) | ||
| 035 | _a(OCoLC)ocn263146952 | ||
| 040 |
_aDLC _cDLC _dBWKUK _dBWK _dYDXCP _dBWX _dCDX _dDLC |
||
| 050 | 0 | 0 |
_aJZ6374 _b.B88 2009 |
| 082 | 0 | 0 |
_a327.172 _222 _bBUT 2009 |
| 100 | 1 |
_aButler, Michael J., _d1972- |
|
| 245 | 1 | 0 |
_aInternational conflict management / _cMichael J. Butler. |
| 260 |
_aLondon ; _aNew York : _bRoutledge, _c2009. |
||
| 300 |
_axv, 288 p. : _bill., maps ; _c26 cm. |
||
| 504 | _aIncludes bibliographical references (p. [259]-275) and index. | ||
| 650 | 0 | _aPeacekeeping forces. | |
| 650 | 0 | _aConflict management. | |
| 650 | 0 | _aPeace-building. | |
| 650 | 0 |
_aWar _xPrevention. |
|
| 906 |
_a7 _bcbc _corignew _d1 _eecip _f20 _gy-gencatlg |
||
| 942 |
_2ddc _cBK |
||
| 999 |
_c16352 _d16352 |
||